| 000 | 00617cam a22002293a 4500 | ||
|---|---|---|---|
| 001 | 12165 | ||
| 003 | PGUSA | ||
| 005 | 20140828083245.0 | ||
| 008 | 040401s2004||||xxu|||||s|||||000 | eng d | ||
| 040 |
_aPGUSA _beng |
||
| 042 | _adc | ||
| 050 | 4 | _aBF | |
| 100 | 1 |
_aErvast, Pekka, _d1875-1934 |
|
| 245 | 1 | 0 |
_aSalatiedettä omin päin _h[electronic resource] / _cPekka Ervast |
| 260 |
_bProject Gutenberg, _c2004 |
||
| 506 | _aPublic domain in the USA. | ||
| 516 | _aElectronic text | ||
| 653 | _aOccultism | ||
| 830 | 0 |
_aProject Gutenberg _v12165 |
|
| 856 | 4 | 0 | _uhttp://www.gutenberg.org/ebooks/12165 |
| 942 | _cEB | ||
| 999 |
_c241420 _d241420 |
||